| 000 | 01468nam a22003374a 4500 | ||
|---|---|---|---|
| 001 | ebr10130638 | ||
| 003 | CaPaEBR | ||
| 006 | m u | ||
| 007 | cr cn||||||||| | ||
| 008 | 051128s2006 ne a sb 100 0 eng | ||
| 010 | _z 2005937901 | ||
| 020 | _z1586035835 (hardcover) | ||
| 040 |
_aCaPaEBR _cCaPaEBR |
||
| 035 | _a(OCoLC)290475297 | ||
| 050 | 1 | 4 |
_aR735.A2 _bM44 2006eb |
| 111 | 2 |
_aMedicine Meets Virtual Reality _n(14th : _d2006) |
|
| 245 | 1 | 0 |
_aMedicine meets virtual reality 14 _h[electronic resource] : _baccelerating change in healthcare : next medical toolkit / _cedited by James D. Westwood ... [et al.]. |
| 246 | 3 | _aMedicine meets virtual reality fourteen | |
| 260 |
_aAmsterdam : _bIOS Press, _c2006. |
||
| 300 |
_axx, 600 p. : _bill. |
||
| 490 | 1 |
_aStudies in health technology and informatics ; _vv. 119 |
|
| 504 | _aIncludes bibliographical references. | ||
| 533 |
_aElectronic reproduction. _bPalo Alto, Calif. : _cebrary, _d2013. _nAvailable via World Wide Web. _nAccess may be limited to ebrary affiliated libraries. |
||
| 650 | 0 |
_aMedical education _vCongresses. |
|
| 650 | 0 |
_aVirtual reality in medicine _vCongresses. |
|
| 655 | 7 |
_aElectronic books. _2local |
|
| 700 | 1 | _aWestwood, James D. | |
| 710 | 2 | _aebrary, Inc. | |
| 830 | 0 |
_aStudies in health technology and informatics ; _vv. 119. |
|
| 856 | 4 | 0 |
_uhttp://site.ebrary.com/lib/rucke/Doc?id=10130638 _zAn electronic book accessible through the World Wide Web; click to view |
| 999 |
_c181203 _d181203 |
||